000 00647pam a2200241 a 4500
001 2016234
005 20180813085013.0
008 911105s1992 mdua b 001 0 eng c
010 _a 91039939
020 _a0683073192
040 _aDNLM/DLC
_cDLC
_dDLC
041 _aeng
060 _aWS 366 T3555
080 _a618.920028
082 0 0 _a618.920028
_220
100 _a8
101 _aped
245 0 0 _aTextbook of pediatric intensive care /
_ceditor, Mark C. Rogers.
504 _aIncludes bibliographical references and index.
906 _a7
_bcbc
_corignew
_d1
_eocip
_f19
_gy-gencatlg
942 _2ddc
_cBK
999 _c47061
_d47061